Brown-Colored Marvel Heroes by Picture - Statistics

General Stats
  • This quiz has been taken 20 times
  • The average score is 11 of 17
Answer Stats
Picture Answer % Correct
Groot
100%
Professor X
94%
Star-lord
94%
Squirrel Girl
89%
Howard the Duck
83%
Werewolf by Night
72%
Hercules
67%
Lockjaw
67%
Dum Dum Dugan
61%
Cannonball
50%
Gorgon
50%
Sasquatch
50%
Thunderstrike
50%
Wolfsbane
50%
Longshot
44%
Outlaw
44%
Manifold
22%
No matching quizzes found
Score Distribution
Percent of People with Each Score
Percentile by Number Answered
Your Score History
You have not taken this quiz